| 000 -LEADER |
| fixed length control field |
00870nam a2200289 a 4500 |
| 001 - CONTROL NUMBER |
| control field |
vtls000646347 |
| 003 - CONTROL NUMBER IDENTIFIER |
| control field |
PNM |
| 005 - DATE AND TIME OF LATEST TRANSACTION |
| control field |
20190808110304.0 |
| 008 - FIXED-LENGTH DATA ELEMENTS--GENERAL INFORMATION |
| fixed length control field |
110705t2011 enka e 001 0 eng d |
| 020 ## - INTERNATIONAL STANDARD BOOK NUMBER |
| International Standard Book Number |
9780857380753 : |
| 039 #9 - LEVEL OF BIBLIOGRAPHIC CONTROL AND CODING DETAIL [OBSOLETE] |
| Level of rules in bibliographic description |
201110111227 |
| Level of effort used to assign nonsubject heading access points |
manoriah |
| 040 ## - CATALOGING SOURCE |
| Original cataloging agency |
PNM |
| Transcribing agency |
KH8 |
| 082 04 - DEWEY DECIMAL CLASSIFICATION NUMBER |
| Classification number |
909 CRO |
| Edition number |
22 |
| 090 20 - LOCALLY ASSIGNED LC-TYPE CALL NUMBER (OCLC); LOCAL CALL NUMBER (RLIN) |
| Classification number (OCLC) (R) ; Classification number, CALL (RLIN) (NR) |
909 |
| Local cutter number (OCLC) ; Book number/undivided call number, CALL (RLIN) |
CRO |
| 100 1# - MAIN ENTRY--PERSONAL NAME |
| Personal name |
Crofon, Ian |
| Relator term |
author |
| 245 10 - TITLE STATEMENT |
| Title |
World history : |
| Remainder of title |
50 events you really need to know / |
| Statement of responsibility, etc. |
Ian Crofon |
| 246 ## - VARYING FORM OF TITLE |
| Title proper/short title |
World history : |
| Remainder of title |
50 key milestones you really need to know / |
| 246 ## - VARYING FORM OF TITLE |
| Title proper/short title |
World history : |
| Remainder of title |
fifty events you really need to know / |
| 260 ## - PUBLICATION, DISTRIBUTION, ETC. |
| Place of publication, distribution, etc. |
London : |
| Name of publisher, distributor, etc. |
Quercus Pub., |
| Date of publication, distribution, etc. |
2011 |
| 300 ## - PHYSICAL DESCRIPTION |
| Extent |
208p. : |
| Other physical details |
ill. ; |
| Dimensions |
21cm. |
| 500 ## - GENERAL NOTE |
| General note |
Includes index |
| 650 10 - SUBJECT ADDED ENTRY--TOPICAL TERM |
| Topical term or geographic name entry element |
World history |
| 942 ## - ADDED ENTRY ELEMENTS (KOHA) |
| Source of classification or shelving scheme |
|
| Koha item type |
Books - Non Ficton |
| 949 ## - LOCAL PROCESSING INFORMATION (OCLC) |
| 6 |
1000587765 |
| e |
1914435 |
| 949 ## - LOCAL PROCESSING INFORMATION (OCLC) |
| 6 |
1000587766 |
| e |
1914436 |
| 949 ## - LOCAL PROCESSING INFORMATION (OCLC) |
| 6 |
1000587767 |
| e |
1914437 |